Inovačná výkonnosť SR ovplyvňujúca transfer duševného vlastníctva
Hodnotenie inovačnej výkonnosti jednotlivých krajín na základe sumárneho inovačného indexu, pri ktorom sa sleduje 25 indikátorov rozdelených do 8 ukazovateľov. Prehľad ukazovateľov inovačnej výkonnosti SR v porovnaní s EÚ28 pre rok 2015 v absolútnom a v percentuálnom vyjadrení.
Uložené v:
| Hlavný autor: | |
|---|---|
| Ďalší autori: | |
| Médium: | Kapitola |
| Jazyk: | Slovak |
| Predmet: | |
| Tagy: |
Žiadne tagy, Buďte prvý, kto otaguje tento záznam!
|
MARC
| LEADER | 00000nla a2200000 4500 | ||
|---|---|---|---|
| 001 | 0228850 | ||
| 005 | 20240527082303.2 | ||
| 041 | 0 | |a slo | |
| 044 | |a SK | ||
| 245 | 1 | 0 | |a Inovačná výkonnosť SR ovplyvňujúca transfer duševného vlastníctva |c Martin Križan, Stanislava Deáková |
| 520 | |a Hodnotenie inovačnej výkonnosti jednotlivých krajín na základe sumárneho inovačného indexu, pri ktorom sa sleduje 25 indikátorov rozdelených do 8 ukazovateľov. Prehľad ukazovateľov inovačnej výkonnosti SR v porovnaní s EÚ28 pre rok 2015 v absolútnom a v percentuálnom vyjadrení. | ||
| 610 | 2 | 0 | |a transfer inovácií |
| 610 | 2 | 0 | |a efektívnosť inovácií |
| 610 | 2 | 0 | |a výkonnosť inovačná |
| 610 | 2 | 0 | |a meranie výkonnosti |
| 610 | 2 | 0 | |a indexy |
| 610 | 2 | 0 | |a Európska únia |
| 610 | 2 | 0 | |a Slovensko |
| 100 | 1 | |a Križan, Martin | |
| 700 | 1 | |a Deáková, Stanislava, 1974- | |